000 00769nam a2200253Ia 4500
003 OSt
005 20221005111712.0
006 a|||||r|||| 00| 0
007 ta
008 221004b |||||||| |||| 00| 0 hin d
024 _a109994
037 _cTextual
040 _aCRL
_cCRL
_bhin
041 _2hin
_ahin
082 _aO155,3NM0x, L5
100 _aमोरे, महादेव
245 0 _aचिताक
246 _aChitāka
260 _aबेलगांव
_bनवसाहित्य प्रकाशन भारत
_c1975
300 _a202पृ0
_ccm.
650 _aहिन्दी साहित्य
942 _hO155,3NM0x, L5
_cTEXL
_2cc
999 _c1022640
_d1022640